Les personnalités préférées des Français depuis 1988 - Statistiques

Statistiques générales
  • Ce quiz a été pris 157 fois
  • Le résultat moyen est 6 sur 8
Statistiques - réponses
Dates Indice 1 Indice 2 Prénom et nom % Correct
2000/2007 Footballeur ZZ Zinédine Zidane
99%
2005/2012 Tennisman YN Yannick Noah
97%
2013/2023 Chanteur JJG Jean-Jacques Goldman
96%
2012/2016 Acteur OS Omar Sy
79%
2000/2001 Judoka DD David Douillet
72%
2019/2021 Actrice SM Sophie Marceau
51%
1988/1993 Navigateur JYC Jacques-Yves Cousteau
49%
1989/2003 Prêtre HG Henri Grouès | Abbé Pierre
31%
Aucun quiz correspondant
Distribution des résultats
% des personnes avec chaque résultat
Percentile par nombre de réponses
Votre historique - résultats
Vous n’avez pas pris ce quiz